[Event "XXVI Ogolnopolska Olimpiada Mlodziezy"]
[Site "Pulawy"]
[Date "2020.10.09"]
[Round "8.11"]
[White "Musin, Pawel"]
[Black "Bartodziej, Bartosz"]
[Result "0-1"]
[WhiteElo "1372"]
[BlackElo "1775"]
[PlyCount "60"]
[EventDate "2020.10.04"]
[EventType "swiss"]
[Tiebreak "Sum of Buchholz+Median1 Buchholz+Sonneborn-Berger (Swiss)"]

1. e4 c5 2. Nf3 d6 3. Bb5+ Nd7 4. d4 cxd4 5. Qxd4 a6 6. Be2 Ngf6 7. O-O g6 8.
Be3 Bg7 9. Nc3 O-O 10. Qd3 b5 11. a3 Bb7 12. Bd4 Qc7 13. Nd2 Nc5 14. Bxc5 Qxc5
15. Nb3 Qc7 16. Rab1 Rac8 17. Nd4 Nd7 18. f4 Qb6 19. Rfd1 e5 20. Bg4 Rcd8 21.
Nce2 exd4 22. Bxd7 Rxd7 23. Kh1 Re8 24. Nxd4 Bxd4 25. Qxd4 Qxd4 26. Rxd4 Rxe4
27. Rbd1 Rxd4 28. Rxd4 Re7 29. h3 d5 30. a4 Re4 0-1

[Event "XXVI Ogolnopolska Olimpiada Mlodziezy"]
[Site "Pulawy"]
[Date "2020.10.09"]
[Round "8.11"]
[White "Rog, Bartlomiej"]
[Black "Krupinski, Mikolaj"]
[Result "1-0"]
[WhiteElo "1906"]
[BlackElo "1776"]
[PlyCount "75"]
[EventDate "2020.10.04"]
[EventType "swiss"]
[Tiebreak "Sum of Buchholz+Median1 Buchholz+Sonneborn-Berger (Swiss)"]

1. e4 c6 2. d4 d5 3. Nc3 dxe4 4. Nxe4 Bf5 5. Ng3 Bg6 6. Nh3 e6 7. Nf4 Nf6 8. h4
Bd6 9. h5 Be4 10. Nxe4 Nxe4 11. c3 Nd7 12. Bc4 Qc7 13. Bxe6 O-O-O 14. Bxd7+
Rxd7 15. Ne2 Re8 16. Kf1 Qa5 17. Rh3 Qf5 18. Be3 Rde7 19. Qb1 Qb5 20. Qc2 Qa6
21. c4 Nf6 22. b3 Qa5 23. Qd3 g6 24. hxg6 fxg6 25. Bd2 Qc7 26. Re1 Ng4 27. Nc3
Rf8 28. Ne4 Rxe4 29. Qxe4 Rxf2+ 30. Kg1 Qd7 31. Rxh7 Bh2+ 32. Rxh2 Rxd2 33.
Rh8+ Kc7 34. Qf4+ Kb6 35. Qxd2 a5 36. c5+ Ka6 37. Ra8+ Kb5 38. a4# 1-0

[Event "XXVI Ogolnopolska Olimpiada Mlodziezy"]
[Site "Pulawy"]
[Date "2020.10.09"]
[Round "8.12"]
[White "Borowik, Wojciech"]
[Black "Stanik, Szymon"]
[Result "1-0"]
[WhiteElo "1759"]
[BlackElo "1201"]
[PlyCount "153"]
[EventDate "2020.10.04"]
[EventType "swiss"]
[Tiebreak "Sum of Buchholz+Median1 Buchholz+Sonneborn-Berger (Swiss)"]

1. d4 Nf6 2. c4 e6 3. Nf3 b6 4. Bf4 Bb7 5. e3 Be7 6. Be2 O-O 7. h3 d5 8. cxd5
Bb4+ 9. Nbd2 Nxd5 10. Bg3 Nd7 11. O-O Be7 12. Rc1 c5 13. Nc4 N7f6 14. Nce5 Rc8
15. Qa4 a6 16. dxc5 Bxc5 17. Rfd1 b5 18. Qb3 Qe7 19. Bh4 Nb6 20. Nd4 Bd5 21.
Qd3 Bc4 22. Nxc4 Nxc4 23. b3 Nb2 24. Qd2 Nxd1 25. Rxd1 Bxd4 26. exd4 e5 27. d5
Qd6 28. Qe3 Kh8 29. Bg3 Rfe8 30. Qd3 Rcd8 31. Bf3 Qb6 32. Re1 Qa5 33. Re2 Qc7
34. Rd2 Qc1+ 35. Rd1 Qa3 36. Qf5 Qe7 37. Re1 e4 38. d6 Qe6 39. Qxe6 Rxe6 40.
Bg4 Nxg4 41. hxg4 h6 42. Rc1 e3 43. fxe3 Rxe3 44. Kf2 Ree8 45. Rc7 f6 46. Ra7
Ra8 47. d7 Red8 48. Rxa8 Rxa8 49. Bc7 Kg8 50. Ke3 Kf7 51. d8=Q Rxd8 52. Bxd8
Ke6 53. Ke4 g6 54. g3 g5 55. Bb6 Ke7 56. Bd4 Ke6 57. Bc3 Ke7 58. Kf5 Kf7 59.
Bxf6 a5 60. a3 a4 61. b4 Ke8 62. Kg6 Kf8 63. Kxh6 Kg8 64. Kxg5 Kh7 65. Kf5 Kg8
66. Kg6 Kf8 67. Kh7 Kf7 68. g5 Ke6 69. g6 Kf5 70. g7 Kxf6 71. g8=Q Kf5 72. Qe8
Kg4 73. Qf7 Kh3 74. Kg6 Kg2 75. Kf5 Kg1 76. Qa2 Kh1 77. Ke4 1-0

[Event "XXVI Ogolnopolska Olimpiada Mlodziezy"]
[Site "Pulawy"]
[Date "2020.10.09"]
[Round "8.12"]
[White "Natoli, Alessia"]
[Black "Duda, Aleksandra"]
[Result "1-0"]
[WhiteElo "1363"]
[BlackElo "1046"]
[PlyCount "119"]
[EventDate "2020.10.04"]
[EventType "swiss"]
[Tiebreak "Sum of Buchholz+Median1 Buchholz+Sonneborn-Berger (Swiss)"]

1. e4 e6 2. d4 d5 3. exd5 exd5 4. Nf3 Nf6 5. h3 c5 6. c3 Nc6 7. Be3 cxd4 8.
Nxd4 Nxd4 9. Bxd4 Be6 10. Bb5+ Nd7 11. Qh5 a6 12. Bxd7+ Qxd7 13. Nd2 Qb5 14.
Nb3 a5 15. Qe2 Qxe2+ 16. Kxe2 f6 17. Bc5 Kf7 18. Bxf8 Rhxf8 19. Nd4 Rad8 20.
Rhd1 Rfe8 21. Kf3 Ke7 22. Rd2 Kd6 23. Rad1 Kc5 24. Nb3+ Kb5 25. Rd4 Rc8 26. Nc1
b6 27. g4 Bf7 28. Ne2 Kc6 29. Nf4 Re5 30. Kg3 Rc7 31. R1d2 Re4 32. R4d3 Re5 33.
f3 Rce7 34. Kf2 h6 35. Rd4 f5 36. Nd3 Re3 37. gxf5 Bh5 38. Rf4 Kd6 39. f6 gxf6
40. Rxf6+ R3e6 41. Rxe6+ Rxe6 42. Nf4 Re5 43. c4 Bf7 44. Nxd5 Bxd5 45. Rxd5+
Rxd5 46. cxd5 Kxd5 47. Ke3 Ke5 48. b3 h5 49. f4+ Kf5 50. Kf3 b5 51. a3 h4 52.
Ke3 b4 53. axb4 axb4 54. Kf3 Kf6 55. Kg4 Kg6 56. Kxh4 Kf5 57. Kg3 Kf6 58. Kg4
Kg6 59. f5+ Kf6 60. h4 1-0

[Event "XXVI Ogolnopolska Olimpiada Mlodziezy"]
[Site "Pulawy"]
[Date "2020.10.09"]
[Round "8.12"]
[White "Paprocki, Antoni"]
[Black "Madajczak, Piotr"]
[Result "1-0"]
[WhiteElo "2031"]
[BlackElo "1814"]
[PlyCount "61"]
[EventDate "2020.10.04"]
[EventType "swiss"]
[Tiebreak "Sum of Buchholz+Median1 Buchholz+Sonneborn-Berger (Swiss)"]

1. d4 f5 2. g3 Nf6 3. c4 d6 4. Bg2 g6 5. b4 Bg7 6. Bb2 O-O 7. Nf3 c6 8. Nbd2
Nbd7 9. O-O Qc7 10. Qc2 e5 11. dxe5 dxe5 12. e4 f4 13. c5 h6 14. gxf4 Nh5 15.
f5 Nf4 16. Nc4 b6 17. cxb6 axb6 18. Rfd1 Ba6 19. Bf1 Rfd8 20. Rd2 Bb7 21. Ne3
Kh7 22. Rad1 c5 23. fxg6+ Nxg6 24. Nf5 Nf6 25. Rxd8 Rxd8 26. Rxd8 Qxd8 27. Nxg7
Kxg7 28. Nxe5 Bxe4 29. Qb3 Qc7 30. Ng4 c4 31. Qe3 1-0

[Event "XXVI Ogolnopolska Olimpiada Mlodziezy"]
[Site "Pulawy"]
[Date "2020.10.09"]
[Round "8.12"]
[White "Staniewicz, Adrianna"]
[Black "Trybus, Dominika"]
[Result "0-1"]
[WhiteElo "1382"]
[BlackElo "1471"]
[PlyCount "120"]
[EventDate "2020.10.04"]
[EventType "swiss"]
[Tiebreak "Sum of Buchholz+Median1 Buchholz+Sonneborn-Berger (Swiss)"]

1. e4 Nf6 2. e5 Nd5 3. d4 d6 4. c4 Nb6 5. exd6 cxd6 6. Nf3 g6 7. b3 Bg7 8. Bb2
O-O 9. Be2 Bg4 10. h3 Bxf3 11. Bxf3 Nc6 12. O-O d5 13. c5 Nc8 14. Na3 e6 15.
Nc2 N8e7 16. Qd2 Nf5 17. Bg4 Qf6 18. Bxf5 gxf5 19. Rad1 Bh6 20. Qd3 Kh8 21. Kh1
Rg8 22. Bc1 Rg6 23. Bxh6 Rxh6 24. Rg1 Rg8 25. Qe3 f4 26. Qf3 Ne7 27. Kh2 Qh4
28. Ne1 Nf5 29. Rh1 Qg5 30. Kg1 Nh4 31. Qg4 Qxg4 32. hxg4 Rxg4 33. f3 Rgg6 34.
Kf2 Nf5 35. Nc2 Rxh1 36. Rxh1 Kg7 37. Rg1 f6 38. Ke2 e5 39. Kd3 Kf7 40. b4 e4+
41. fxe4 Rg3+ 42. Kd2 dxe4 43. Ke2 Rd3 44. Rd1 Rxd1 45. Kxd1 Ke6 46. Kd2 Kd5
47. Kc3 f3 48. gxf3 exf3 49. Kd3 f2 50. Ke2 Nxd4+ 51. Nxd4 Kxd4 52. Kxf2 Kc4
53. a3 a6 54. Ke3 Kb3 55. Kf4 Kxa3 56. Kf5 Kxb4 57. Kxf6 Kxc5 58. Kg5 b5 59.
Kh6 b4 60. Kxh7 b3 0-1

[Event "XXVI Ogolnopolska Olimpiada Mlodziezy"]
[Site "Pulawy"]
[Date "2020.10.09"]
[Round "8.13"]
[White "Dallemura, Anna"]
[Black "Skolska, Emilia"]
[Result "1-0"]
[WhiteElo "1420"]
[BlackElo "1401"]
[PlyCount "77"]
[EventDate "2020.10.04"]
[EventType "swiss"]
[Tiebreak "Sum of Buchholz+Median1 Buchholz+Sonneborn-Berger (Swiss)"]

1. e4 e5 2. Nf3 Nc6 3. Bb5 a6 4. Ba4 d6 5. c3 Bg4 6. h3 Bh5 7. d3 Nf6 8. Nbd2
Be7 9. Nf1 b5 10. Bc2 d5 11. Qe2 dxe4 12. dxe4 O-O 13. Ng3 Bg6 14. O-O Nd7 15.
Rd1 Qc8 16. Be3 Rd8 17. Ne1 Qb7 18. Nd3 Na5 19. f4 exf4 20. Nxf4 Nc4 21. Bc1
Qb6+ 22. Kh1 c6 23. Nf5 Bf8 24. b3 Nce5 25. Be3 Bc5 26. Ne7+ Kh8 27. Nexg6+
Nxg6 28. Nxg6+ hxg6 29. Bd4 Nf8 30. Qf2 Ne6 31. Bxc5 Qxc5 32. Qxf7 Qxc3 33.
Qxe6 Qxc2 34. Rxd8+ Rxd8 35. Qxg6 Qb2 36. Rf1 Qxa2 37. Qh5+ Kg8 38. Qf7+ Kh8
39. Rf5 1-0

[Event "XXVI Ogolnopolska Olimpiada Mlodziezy"]
[Site "Pulawy"]
[Date "2020.10.09"]
[Round "8.13"]
[White "Nagly, Wojciech"]
[Black "Micula, Jakub"]
[Result "0-1"]
[WhiteElo "1545"]
[BlackElo "1370"]
[PlyCount "84"]
[EventDate "2020.10.04"]
[EventType "swiss"]
[Tiebreak "Sum of Buchholz+Median1 Buchholz+Sonneborn-Berger (Swiss)"]

1. e4 c5 2. Nf3 d6 3. c3 Nf6 4. h3 Nc6 5. Bd3 e6 6. O-O Be7 7. Bc2 O-O 8. d4 d5
9. e5 Ne4 10. Re1 f5 11. exf6 Nxf6 12. Ng5 Qb6 13. Nf3 Bd7 14. b3 Rae8 15. Ba3
Bd6 16. Ne5 Qc7 17. Nxd7 Nxd7 18. Qd3 g6 19. Qd1 cxd4 20. cxd4 Bxa3 21. Nxa3
Qf4 22. Rf1 Nxd4 23. Bd3 Ne5 24. Nb5 Ndf3+ 25. gxf3 Nxf3+ 26. Qxf3 Qxf3 27. Bc2
Qxh3 28. Rae1 Rf4 29. Re3 Rg4+ 30. Rg3 Rxg3+ 31. fxg3 Qxg3+ 32. Kh1 Rf8 33.
Rxf8+ Kxf8 34. Na3 Qe1+ 35. Kg2 Qc1 36. Bxg6 hxg6 37. Nb5 Qc2+ 38. Kh1 g5 39.
Nxa7 g4 40. Nb5 g3 41. Kg1 Qf2+ 42. Kh1 Qf1# 0-1

[Event "XXVI Ogolnopolska Olimpiada Mlodziezy"]
[Site "Pulawy"]
[Date "2020.10.09"]
[Round "8.13"]
[White "Zdybel, Przemyslaw"]
[Black "Paszkowski, Krystian"]
[Result "0-1"]
[WhiteElo "1938"]
[BlackElo "1889"]
[PlyCount "60"]
[EventDate "2020.10.04"]
[EventType "swiss"]
[Tiebreak "Sum of Buchholz+Median1 Buchholz+Sonneborn-Berger (Swiss)"]

1. e4 c5 2. Nf3 e6 3. d4 cxd4 4. Nxd4 a6 5. c4 Nf6 6. Nc3 Bb4 7. Qd3 Qc7 8. a3
Bxc3+ 9. Qxc3 d6 10. Qg3 O-O 11. Bh6 Ne8 12. Bg5 b6 13. Bd3 Bb7 14. O-O Nc6 15.
Nxc6 Bxc6 16. Rac1 a5 17. h4 Kh8 18. Rfe1 e5 19. f3 a4 20. Rc3 h6 21. Be3 Nf6
22. Bc1 Nd7 23. f4 exf4 24. Bxf4 Ne5 25. Bxe5 dxe5 26. Qe3 Rfd8 27. Bc2 Qe7 28.
Qxb6 Qxh4 29. Rce3 Rd2 30. Qxc6 Qf2+ 0-1

[Event "XXVI Ogolnopolska Olimpiada Mlodziezy"]
[Site "Pulawy"]
[Date "2020.10.09"]
[Round "8.14"]
[White "Grzesik, Nikola"]
[Black "Wiecek, Karolina"]
[Result "1-0"]
[WhiteElo "1340"]
[BlackElo "1438"]
[PlyCount "53"]
[EventDate "2020.10.04"]
[EventType "swiss"]
[Tiebreak "Sum of Buchholz+Median1 Buchholz+Sonneborn-Berger (Swiss)"]

1. e4 c6 2. d4 d5 3. Nc3 dxe4 4. Nxe4 Bf5 5. Ng3 Bg6 6. h4 h6 7. Nh3 Nf6 8. Nf4
Bh7 9. Bc4 e6 10. O-O Be7 11. Re1 Nbd7 12. c3 Nb6 13. Bb3 Nbd5 14. Bxd5 Nxd5
15. Qg4 Nxf4 16. Bxf4 Bf6 17. Nh5 Rg8 18. Be5 Bg6 19. Nf4 Bxe5 20. Rxe5 h5 21.
Qh3 Bh7 22. Rae1 g6 23. Nxe6 fxe6 24. Rxe6+ Kf7 25. Qf3+ Kg7 26. Re7+ Kh6 27.
Qf4+ 1-0

[Event "XXVI Ogolnopolska Olimpiada Mlodziezy"]
[Site "Pulawy"]
[Date "2020.10.09"]
[Round "8.14"]
[White "Predkiewicz, Paulina"]
[Black "Jaros, Emilia"]
[Result "1/2-1/2"]
[WhiteElo "1243"]
[BlackElo "1295"]
[PlyCount "85"]
[EventDate "2020.10.04"]
[EventType "swiss"]
[Tiebreak "Sum of Buchholz+Median1 Buchholz+Sonneborn-Berger (Swiss)"]

1. e4 e5 2. Nf3 Nc6 3. d4 exd4 4. Nxd4 Bb4+ 5. Nc3 Nf6 6. Nxc6 bxc6 7. Bd3 d5
8. exd5 cxd5 9. O-O O-O 10. Bg5 c6 11. Qf3 Bd6 12. Rfe1 Rb8 13. Rab1 Rb4 14. h3
h6 15. Bxf6 Qxf6 16. Qxf6 gxf6 17. a3 Rh4 18. Be2 Bf5 19. Bd3 Bxd3 20. cxd3 Rb8
21. Re2 Kg7 22. Rd1 f5 23. d4 Kf6 24. Rc2 Rb6 25. Na4 Ra6 26. Nc5 Bxc5 27. Rxc5
Re4 28. Rd2 Re6 29. Kh2 Kg5 30. Rdc2 Rd6 31. R2c3 f4 32. Rf3 Ra4 33. Rfc3 Rxd4
34. Rxc6 Rxc6 35. Rxc6 a5 36. b3 f5 37. Rc5 Rd3 38. Rxa5 Rxb3 39. Rxd5 Rxa3 40.
Rd6 Ra2 41. f3 Ra1 42. Rb6 Ra2 43. Re6 1/2-1/2

[Event "XXVI Ogolnopolska Olimpiada Mlodziezy"]
[Site "Pulawy"]
[Date "2020.10.09"]
[Round "8.14"]
[White "Ptaszynski, Szymon"]
[Black "Karwot, Marek"]
[Result "1-0"]
[WhiteElo "1518"]
[BlackElo "1362"]
[PlyCount "84"]
[EventDate "2020.10.04"]
[EventType "swiss"]
[Tiebreak "Sum of Buchholz+Median1 Buchholz+Sonneborn-Berger (Swiss)"]

1. e4 c5 2. Nf3 e6 3. b3 Nc6 4. Bb2 Nf6 5. e5 Nd5 6. g3 Be7 7. Bg2 O-O 8. O-O
b6 9. c4 Nc7 10. Nc3 d5 11. exd6 Bxd6 12. d4 Bb7 13. dxc5 Bxc5 14. Na4 f6 15.
Nxc5 bxc5 16. Qxd8 Raxd8 17. Ba3 Na6 18. Rad1 Nab4 19. Nd2 f5 20. Bxb4 cxb4 21.
Nf3 Ba8 22. Ng5 Nd4 23. Bxa8 Ne2+ 24. Kg2 Rxa8 25. Rd2 Nc3 26. Nxe6 Rf7 27. Nf4
Re8 28. Nd5 Ne4 29. Re2 a5 30. f3 Nd6 31. Rxe8+ Nxe8 32. Re1 Nd6 33. Re6 Nb7
34. Ra6 Rd7 35. Kf2 Kf7 36. Ke3 g5 37. Rf6+ Kg7 38. Rxf5 h6 39. Re5 Kf7 40. f4
Nd6 41. f5 a4 42. g4 Rb7 {Ke4} 1-0

[Event "XXVI Ogolnopolska Olimpiada Mlodziezy"]
[Site "Pulawy"]
[Date "2020.10.09"]
[Round "8.14"]
[White "Wydmanski, Szymon"]
[Black "Bancarewicz, Aleks"]
[Result "0-1"]
[WhiteElo "1598"]
[BlackElo "1757"]
[PlyCount "148"]
[EventDate "2020.10.04"]
[EventType "swiss"]
[Tiebreak "Sum of Buchholz+Median1 Buchholz+Sonneborn-Berger (Swiss)"]

1. e4 c5 2. Nf3 d6 3. d4 cxd4 4. Nxd4 Nf6 5. Nc3 a6 6. Be3 e5 7. Nb3 Be6 8. f3
Be7 9. Qd2 O-O 10. O-O-O Nbd7 11. g4 b5 12. g5 b4 13. Ne2 Ne8 14. f4 a5 15. f5
a4 16. fxe6 axb3 17. exf7+ Rxf7 18. Kb1 bxc2+ 19. Qxc2 Bxg5 20. Bxg5 Qxg5 21.
Ng3 Rf4 22. Bc4+ Kh8 23. Nf5 Ndf6 24. Rhg1 Rg4 25. Rxg4 Qxg4 26. Qd3 Rd8 27.
Bd5 Nxd5 28. exd5 Nf6 29. Ne7 Re8 30. Nc6 e4 31. Qc2 e3 32. Qd3 Ne4 33. Re1 Qg6
34. Kc1 Qh6 35. Nxb4 e2+ 36. Kc2 Nf2 37. Qf3 Qg6+ 38. Nd3 Nxd3 39. Qxd3 Qg2 40.
Kd2 Qg5+ 41. Kc2 Qe5 42. h3 h6 43. Kb1 Qf4 44. Kc2 Re3 45. Qb5 Qf3 46. Kd2 Re5
47. Kc2 Qf2 48. Kd2 Qf4+ 49. Kc2 Qf2 50. Kd2 Qd4+ 51. Kc2 Re3 52. Rxe2 Qe4+ 53.
Kd2 Rxe2+ 54. Qxe2 Qxd5+ 55. Qd3 Qxa2 56. Qxd6 Qxb2+ 57. Ke3 Qc3+ 58. Ke2 Qxh3
59. Qb8+ Kh7 60. Qb1+ Kg8 61. Qb8+ Kf7 62. Qc7+ Kg6 63. Qb6+ Kh5 64. Qb5+ g5
65. Qe8+ Kh4 66. Qg6 Qg2+ 67. Ke1 h5 68. Qb6 g4 69. Qc5 Qe4+ 70. Kf1 g3 71. Kg1
Qe1+ 72. Kg2 Qe2+ 73. Kg1 Qh2+ 74. Kf1 g2+ 0-1

[Event "XXVI Ogolnopolska Olimpiada Mlodziezy"]
[Site "Pulawy"]
[Date "2020.10.09"]
[Round "8.15"]
[White "Liskiewicz, Jakub"]
[Black "Olszewski, Antoni"]
[Result "1-0"]
[WhiteElo "1622"]
[BlackElo "1412"]
[PlyCount "77"]
[EventDate "2020.10.04"]
[EventType "swiss"]
[Tiebreak "Sum of Buchholz+Median1 Buchholz+Sonneborn-Berger (Swiss)"]

1. d4 d5 2. c4 e6 3. Nc3 Nf6 4. Bg5 Bb4 5. e3 h6 6. Bh4 g5 7. Bg3 Ne4 8. Qc2 h5
9. f3 Nxg3 10. hxg3 Qd6 11. Nge2 dxc4 12. O-O-O Bxc3 13. Nxc3 Nc6 14. Bxc4 Nb4
15. Qb3 a5 16. a3 Na6 17. Ne4 Qe7 18. Qb5+ c6 19. Qe5 Rh6 20. Bxa6 f6 21. Nxf6+
Rxf6 22. Bd3 Rh6 23. Rxh5 Rxh5 24. Bg6+ Kd7 25. Bxh5 b5 26. Bg4 Bb7 27. d5 cxd5
28. Rxd5+ Bxd5 29. Qxd5+ Kc7 30. Qxa8 Qc5+ 31. Kb1 Qc4 32. Qxa5+ Kd7 33. Qd2+
Ke8 34. Bh5+ Kf8 35. Qd8+ Kg7 36. Qxg5+ Kh8 37. Qf6+ Kh7 38. Bg6+ Kg8 39. Qf7+
1-0

[Event "XXVI Ogolnopolska Olimpiada Mlodziezy"]
[Site "Pulawy"]
[Date "2020.10.09"]
[Round "8.15"]
[White "Peksa, Zuzanna"]
[Black "Nowak, Zuzanna"]
[Result "0-1"]
[WhiteElo "1267"]
[BlackElo "1292"]
[PlyCount "66"]
[EventDate "2020.10.04"]
[EventType "swiss"]
[Tiebreak "Sum of Buchholz+Median1 Buchholz+Sonneborn-Berger (Swiss)"]

1. e4 e5 2. Nf3 Nc6 3. d4 exd4 4. Bc4 Nf6 5. O-O Nxe4 6. Re1 d5 7. Bxd5 Qxd5 8.
Nc3 Qa5 9. Nxe4 Be6 10. Bg5 h6 11. Bh4 Bb4 12. Re2 O-O 13. Nxd4 Nxd4 14. Qxd4
Rfe8 15. Re3 Bf5 16. Rg3 Bg6 17. Re3 Re6 18. c3 Bf8 19. Qc4 Rae8 20. Rae1 Qh5
21. Bg3 Bxe4 22. h3 Bd5 23. Qxc7 Rxe3 24. Rxe3 Rxe3 25. fxe3 Qd1+ 26. Kf2 Qd2+
27. Kf1 Bxg2+ 28. Kg1 Bf3 29. Bf2 Qd1+ 30. Kh2 Bd6+ 31. Qxd6 Qxd6+ 32. Bg3 Qd2+
33. Kg1 Qg2# 0-1

[Event "XXVI Ogolnopolska Olimpiada Mlodziezy"]
[Site "Pulawy"]
[Date "2020.10.09"]
[Round "8.15"]
[White "Sliwicka, Weronika"]
[Black "Oleksiuk, Anna"]
[Result "1-0"]
[WhiteElo "1272"]
[BlackElo "1167"]
[PlyCount "99"]
[EventDate "2020.10.04"]
[EventType "swiss"]
[Tiebreak "Sum of Buchholz+Median1 Buchholz+Sonneborn-Berger (Swiss)"]

1. e4 c6 2. d4 d5 3. exd5 cxd5 4. Bd3 Nc6 5. c3 Nf6 6. h3 e6 7. Nf3 Bd6 8. O-O
O-O 9. Qe2 h6 10. Re1 Re8 11. Ne5 a6 12. Bf4 Qc7 13. Nd2 b5 14. Bh2 Bb7 15. f4
b4 16. Rac1 bxc3 17. bxc3 Rac8 18. Bxa6 Ra8 19. Bxb7 Qxb7 20. Nb3 Na5 21. Rb1
Qc7 22. Qd3 Ne4 23. Nd2 Qxc3 24. Nxe4 Qxd3 25. Nxd3 dxe4 26. Rxe4 Nc4 27. Re2
Ra3 28. Ne5 Nxe5 29. dxe5 Bc5+ 30. Kf1 Rea8 31. Rbb2 Bd4 32. Rbc2 Rb8 33. g3
Rb1+ 34. Kg2 Kh7 35. h4 g5 36. hxg5 hxg5 37. fxg5 Kg6 38. Rc4 Bb6 39. Rcc2 Bd4
40. Rc4 Bb6 41. Rf4 Kxg5 42. Rxf7 Kg6 43. Rf6+ Kg5 44. Rxe6 Bc5 45. Rc6 Bd4 46.
e6 Bf6 47. e7 Bxe7 48. Rxe7 Rxa2+ 49. Kh3 Rb8 50. Re5# 1-0

[Event "XXVI Ogolnopolska Olimpiada Mlodziezy"]
[Site "Pulawy"]
[Date "2020.10.09"]
[Round "8.15"]
[White "Starosciak, Szymon"]
[Black "Grzadka, Artur"]
[Result "1/2-1/2"]
[WhiteElo "1926"]
[BlackElo "1723"]
[PlyCount "110"]
[EventDate "2020.10.04"]
[EventType "swiss"]
[Tiebreak "Sum of Buchholz+Median1 Buchholz+Sonneborn-Berger (Swiss)"]

1. c4 c5 2. Nc3 Nc6 3. Nf3 g6 4. g3 Bg7 5. Bg2 d6 6. O-O e5 7. d3 Nge7 8. Rb1
O-O 9. a3 a5 10. Nd5 h6 11. Ne1 Be6 12. Nc2 a4 13. b4 axb3 14. Rxb3 Na5 15.
Nxe7+ Qxe7 16. Rb1 Qd7 17. Ne3 Bh3 18. Nd5 Bxg2 19. Kxg2 f5 20. e3 Ra6 21. Rb5
Kh7 22. Bd2 Nc6 23. Qb3 Ra7 24. f3 Ne7 25. Nxe7 Qxe7 26. e4 Rfa8 27. Ra1 f4 28.
g4 Bf6 29. a4 Qd7 30. Rb1 Rb8 31. a5 Bd8 32. Qa2 Bc7 33. R1b3 Qc6 34. Qb2 g5
35. Qb1 Kg7 36. Qh1 Rh8 37. Qb1 Rb8 38. h3 Kf7 39. Qe1 Re8 40. Qb1 Rb8 41. Bc3
Kg7 42. Qa1 Rba8 43. Qb2 Rb8 44. d4 cxd4 45. Bxd4 Rxa5 46. Rxa5 Bxa5 47. Bxe5+
Kh7 48. Bc3 Bc7 49. e5 dxe5 50. Bxe5 Bxe5 51. Qxe5 Qxc4 52. Rb2 Rf8 53. Rxb7+
Rf7 54. Qf5+ Kg7 55. Qe5+ Kh7 1/2-1/2

[Event "XXVI Ogolnopolska Olimpiada Mlodziezy"]
[Site "Pulawy"]
[Date "2020.10.09"]
[Round "8.16"]
[White "Bartnik, Michal"]
[Black "Duda, Szymon"]
[Result "1/2-1/2"]
[WhiteElo "1278"]
[BlackElo "1529"]
[PlyCount "101"]
[EventDate "2020.10.04"]
[EventType "swiss"]
[Tiebreak "Sum of Buchholz+Median1 Buchholz+Sonneborn-Berger (Swiss)"]

1. e4 e5 2. Nf3 Nc6 3. d4 exd4 4. Nxd4 Nf6 5. Nxc6 bxc6 6. e5 Qe7 7. Qe2 Nd5 8.
c4 Nb6 9. Nc3 a5 10. Qe4 g6 11. Bd3 Bg7 12. Bf4 Ba6 13. O-O O-O 14. Rfe1 Rfe8
15. Rac1 Qe6 16. b3 Rac8 17. Bg3 Qe7 18. Qe3 Bb7 19. h3 f6 20. exf6 Qxe3 21.
Rxe3 Rxe3 22. fxe3 Bxf6 23. Ne4 Be7 24. Rf1 c5 25. Nf6+ Bxf6 26. Rxf6 d6 27. a4
Re8 28. Kf2 Kg7 29. Rf4 Nd7 30. Rg4 Nf6 31. Rg5 Be4 32. Ke2 h6 33. Bxe4 Rxe4
34. Rg4 Nxg4 35. hxg4 Rxg4 36. Kf3 Rg5 37. Be1 Rf5+ 38. Ke2 Rf8 39. Bxa5 Rc8
40. Kd3 Kf6 41. Ke4 Ke6 42. g3 c6 43. Bb6 Kd7 44. Kd3 Rb8 45. a5 Kc8 46. e4 Rb7
47. e5 dxe5 48. Ke4 Rxb6 49. axb6 Kb7 50. Kxe5 Kxb6 51. Ke4 1/2-1/2

[Event "XXVI Ogolnopolska Olimpiada Mlodziezy"]
[Site "Pulawy"]
[Date "2020.10.09"]
[Round "8.16"]
[White "Kawa, Anna"]
[Black "Bandyk, Joanna"]
[Result "1-0"]
[WhiteElo "1152"]
[BlackElo "1191"]
[PlyCount "77"]
[EventDate "2020.10.04"]
[EventType "swiss"]
[Tiebreak "Sum of Buchholz+Median1 Buchholz+Sonneborn-Berger (Swiss)"]

1. e4 c5 2. a3 Nc6 3. b4 e5 4. bxc5 Bxc5 5. Nf3 d6 6. d3 Nf6 7. Be2 O-O 8. O-O
Ne7 9. Nbd2 Ng6 10. h3 Be6 11. Ng5 Bd7 12. Nb3 Bb6 13. Nf3 Rc8 14. a4 d5 15.
exd5 Nxd5 16. Bb2 Bc7 17. Nc5 Bc6 18. Ne4 Nf6 19. Nxf6+ Qxf6 20. Nh2 Nf4 21.
Ng4 Qg6 22. Bf3 h5 23. Nxe5 Bxe5 24. Bxe5 Nxh3+ 25. Kh2 Bxf3 26. Qxf3 Ng5 27.
Qxb7 Rxc2 28. Qxa7 Qxd3 29. Qd4 Rd8 30. Qxd3 Rxd3 31. a5 Rd5 32. Bg3 Ne4 33. a6
Rd8 34. a7 Ra8 35. Rfb1 Rcc8 36. Rb8 h4 37. Rxc8+ Rxc8 38. Bb8 Nxf2 39. a8=Q
1-0

[Event "XXVI Ogolnopolska Olimpiada Mlodziezy"]
[Site "Pulawy"]
[Date "2020.10.09"]
[Round "8.16"]
[White "Pastuszko, Katarzyna"]
[Black "Para, Aleksandra"]
[Result "0-1"]
[WhiteElo "1251"]
[BlackElo "1191"]
[PlyCount "70"]
[EventDate "2020.10.04"]
[EventType "swiss"]
[Tiebreak "Sum of Buchholz+Median1 Buchholz+Sonneborn-Berger (Swiss)"]

1. e4 c5 2. Nf3 a6 3. d4 cxd4 4. Nxd4 Nf6 5. Nc3 e5 6. Nb3 Bb4 7. Bd3 d5 8.
exd5 Nxd5 9. Bd2 Nxc3 10. bxc3 Bd6 11. O-O O-O 12. f4 Nc6 13. f5 f6 14. Qh5 Qe8
15. Qh4 Ne7 16. Rf3 b5 17. Rh3 h5 18. g4 Bc7 19. Be4 Bb6+ 20. Kh1 Rb8 21. Be3
Bxe3 22. Rxe3 Bb7 23. Bxb7 Rxb7 24. h3 Nd5 25. Rd3 Nf4 26. Rd6 Qa8 27. Kh2 Rd7
28. Qg3 Rxd6 29. gxh5 Nxh5 30. Qg4 Nf4 31. Rg1 Rd7 32. h4 Rc7 33. h5 Qe4 34. h6
Qe2+ 35. Qxe2 Nxe2 0-1

[Event "XXVI Ogolnopolska Olimpiada Mlodziezy"]
[Site "Pulawy"]
[Date "2020.10.09"]
[Round "8.16"]
[White "Rzenca, Jerzy"]
[Black "Trzebinski, Patryk"]
[Result "0-1"]
[WhiteElo "1584"]
[BlackElo "1837"]
[PlyCount "78"]
[EventDate "2020.10.04"]
[EventType "swiss"]
[Tiebreak "Sum of Buchholz+Median1 Buchholz+Sonneborn-Berger (Swiss)"]

1. c4 Nf6 2. g3 g6 3. Bg2 Bg7 4. Nc3 O-O 5. d3 e5 6. e4 Nc6 7. Nge2 d6 8. O-O
a5 9. Nd5 Nd7 10. Rb1 Nc5 11. f4 f5 12. Be3 Nd4 13. fxe5 dxe5 14. Nxd4 exd4 15.
Bf2 c6 16. Nf4 fxe4 17. dxe4 Be6 18. Nxe6 Nxe6 19. a3 a4 20. Qd2 Nc5 21. Rfe1
Be5 22. Rbd1 Nb3 23. Qc2 Qe7 24. Rd3 Rad8 25. Rf1 Qg5 26. Be1 Rxf1+ 27. Bxf1
Nc5 28. Rf3 Qg4 29. Qe2 Qd7 30. Bb4 d3 31. Qd1 Qd4+ 32. Kg2 Nxe4 33. Rxd3 Qxb2+
34. Kf3 Qf2+ 35. Kxe4 Re8 36. Rf3 Bxg3+ 37. Kd3 Rd8+ 38. Ke4 Rxd1 39. Rxf2 Bxf2
0-1

[Event "XXVI Ogolnopolska Olimpiada Mlodziezy"]
[Site "Pulawy"]
[Date "2020.10.09"]
[Round "8.17"]
[White "Biniak, Zuzanna"]
[Black "Labedz, Gabriela"]
[Result "1/2-1/2"]
[WhiteElo "1339"]
[BlackElo "1240"]
[PlyCount "100"]
[EventDate "2020.10.04"]
[EventType "swiss"]
[Tiebreak "Sum of Buchholz+Median1 Buchholz+Sonneborn-Berger (Swiss)"]

1. e4 d6 2. d4 Nf6 3. Bd3 e5 4. d5 Nbd7 5. Be3 Be7 6. h3 O-O 7. Ne2 Nc5 8. Bxc5
dxc5 9. Ng3 Qd6 10. Nd2 Ne8 11. Nc4 Qf6 12. Ne3 g6 13. c4 Nd6 14. a3 a5 15. O-O
Qg7 16. Qc2 Bg5 17. Rab1 h5 18. b4 Bxe3 19. fxe3 h4 20. bxc5 hxg3 21. cxd6 Qh6
22. Rbe1 cxd6 23. Rf3 Qh4 24. Ref1 f6 25. Qe2 Bg4 26. Rb1 Bxf3 27. Qxf3 Rf7 28.
Rb6 Ra6 29. Rb5 Kg7 30. Rb1 Ra8 31. Rb6 Rd8 32. Rb5 Qh5 33. Qxh5 gxh5 34. Rxa5
b6 35. Ra6 Rb7 36. Kf1 h4 37. Ke2 Kg6 38. Kf3 Kg5 39. Ke2 Rbb8 40. a4 Ra8 41.
Rxa8 Rxa8 42. Bc2 Re8 43. Kf3 Ra8 44. Ke2 Kg6 45. Kf3 Kf7 46. Kg4 Ke7 47. Bd1
Rh8 48. Bc2 Kd7 49. Bd1 Ke7 50. Be2 Kf7 1/2-1/2